Microarrays / (Record no. 7015)

MARC details
000 -LEADER
fixed length control field 01368cam a22003374a 4500
001 - CONTROL NUMBER
control field 14079824
003 - CONTROL NUMBER IDENTIFIER
control field OSt
005 - DATE AND TIME OF LATEST TRANSACTION
control field 20210824145914.0
008 - FIXED-LENGTH DATA ELEMENTS--GENERAL INFORMATION
fixed length control field 050819s2006 maua b 001 0 eng
010 ## - LIBRARY OF CONGRESS CONTROL NUMBER
LC control number 2005024163
020 ## - INTERNATIONAL STANDARD BOOK NUMBER
International Standard Book Number 0120885433 (alk. paper)
035 ## - SYSTEM CONTROL NUMBER
System control number (OCoLC)ocm61451512
040 ## - CATALOGING SOURCE
Original cataloging agency DLC
Transcribing agency DLC
Modifying agency YDX
-- BAKER
-- CUX
-- DLC
050 00 - LIBRARY OF CONGRESS CALL NUMBER
Classification number QP624.5.D726
Item number M85 2006
082 00 - DEWEY DECIMAL CLASSIFICATION NUMBER
Classification number 572.8MUL 2006
100 1# - MAIN ENTRY--PERSONAL NAME
Personal name Müller, Hans-Joachim.
9 (RLIN) 14395
245 10 - TITLE STATEMENT
Title Microarrays /
Statement of responsibility, etc. Hans-Joachim Müller, Thomas Röder .
260 ## - PUBLICATION, DISTRIBUTION, ETC. (IMPRINT)
Place of publication, distribution, etc. Burlington, MA :
Name of publisher, distributor, etc. Elsevier Academic Press,
Date of publication, distribution, etc. c2006.
300 ## - PHYSICAL DESCRIPTION
Extent xv, 212 p. :
Other physical details ill. ;
Dimensions 26 cm.
440 #4 - SERIES STATEMENT/ADDED ENTRY--TITLE
Title The experimenter series
9 (RLIN) 14396
504 ## - BIBLIOGRAPHY, ETC. NOTE
Bibliography, etc Includes bibliographical references (p. 201) and index.
650 #0 - SUBJECT ADDED ENTRY--TOPICAL TERM
Topical term or geographic name as entry element DNA microarrays.
9 (RLIN) 14397
650 12 - SUBJECT ADDED ENTRY--TOPICAL TERM
Topical term or geographic name as entry element Oligonucleotide Array Sequence Analysis
General subdivision methods.
9 (RLIN) 14398
650 22 - SUBJECT ADDED ENTRY--TOPICAL TERM
Topical term or geographic name as entry element Gene Expression Profiling
General subdivision instrumentation.
9 (RLIN) 14399
700 1# - ADDED ENTRY--PERSONAL NAME
Personal name Röder, Thomas.
9 (RLIN) 14400
856 41 - ELECTRONIC LOCATION AND ACCESS
Materials specified Table of contents only
Uniform Resource Identifier http://www.loc.gov/catdir/toc/ecip0518/2005024163.html
856 42 - ELECTRONIC LOCATION AND ACCESS
Materials specified Publisher description
Uniform Resource Identifier http://www.loc.gov/catdir/enhancements/fy0661/2005024163-d.html
906 ## - LOCAL DATA ELEMENT F, LDF (RLIN)
a 7
b cbc
c orignew
d 1
e ecip
f 20
g y-gencatlg
942 ## - ADDED ENTRY ELEMENTS (KOHA)
Source of classification or shelving scheme Dewey Decimal Classification
Koha item type Open Shelf
Holdings
Withdrawn status Lost status Source of classification or shelving scheme Damaged status Not for loan Home library Current library Date acquired Source of acquisition Inventory number Total Checkouts Full call number Barcode Date last seen Price effective from Koha item type
    Dewey Decimal Classification     MUST Main Library MUST Main Library 24/08/2021 Purchase 10/32372   572.8MUL 2006 2021-0696 24/08/2021 24/08/2021 Open Shelf